Quantum field theory (Record no. 24480)

MARC details
000 -LEADER
fixed length control field 00505nam a22001817a 4500
003 - CONTROL NUMBER IDENTIFIER
control field OSt
005 - DATE AND TIME OF LATEST TRANSACTION
control field 20260202130626.0
008 - FIXED-LENGTH DATA ELEMENTS--GENERAL INFORMATION
fixed length control field 210708b ||||| |||| 00| 0 eng d
020 ## - INTERNATIONAL STANDARD BOOK NUMBER
International Standard Book Number 9781108480901
082 ## - DEWEY DECIMAL CLASSIFICATION NUMBER
Classification number 530.143
Item number G28Q
100 ## - MAIN ENTRY--PERSONAL NAME
Personal name Gelis, Francois
245 ## - TITLE STATEMENT
Title Quantum field theory
Statement of responsibility, etc by Francois Gelis
Remainder of title : from basics to modern topics
260 ## - PUBLICATION, DISTRIBUTION, ETC. (IMPRINT)
Place of publication, distribution, etc Cambridge
Name of publisher, distributor, etc Cambridge University Press
Date of publication, distribution, etc 2019
300 ## - PHYSICAL DESCRIPTION
Extent xvi, 591p.
546 ## - LANGUAGE NOTE
Language note English
650 ## - SUBJECT ADDED ENTRY--TOPICAL TERM
Source of heading or term Quantum field theory
942 ## - ADDED ENTRY ELEMENTS (KOHA)
Source of classification or shelving scheme Dewey Decimal Classification
Koha item type Books
Holdings
Withdrawn status Lost status Source of classification or shelving scheme Damaged status Not for loan Collection code Home library Current library Department Date acquired Source of acquisition Cost, normal purchase price Inventory number(Invoice/Date) Full call number Barcode Date last seen Price effective from Koha item type
    Dewey Decimal Classification     General Text Book Central University Of Rajasthan Central University Of Rajasthan Physics 08/07/2021 Technical Bureau 6141.18 TB2888/24-02-2021 530.143 G28Q 36023 08/07/2021 08/07/2021 Books